000 00606nam a22001457a 4500
005 20180823115048.0
020 _a817000246
_c475.00
035 _aB-31081, B-031083
037 _aDPL
_bENG
100 _aLahiri,Ramansu
245 _aProfessionalism and Research in Library and Information Science/
_cby Ramansu Lahiri
260 _a New Delhi
_bEss Ess Publications
_c1999
300 _a 210p.
_c23 cms.
942 _2ddc
_cEN
_h025.52
_mLAH
999 _c63461
_d63461